| 000 | 01729nam a22002657a 4500 | ||
|---|---|---|---|
| 999 |
_c940 _d940 |
||
| 003 | OSt | ||
| 005 | 20190627194946.0 | ||
| 008 | 161025b xxu||||| |||| 00| 0 esp d | ||
| 040 |
_cDO-SdBJH _aDO-SdBJH _bspa |
||
| 090 |
_aTG FARD _b00661 2013 |
||
| 100 | 1 |
_aGonzález Cabrera, Dawin _esustentante |
|
| 245 | 1 | 0 |
_aPropuesta de revisión del Manual de Infantería de la Fuerza Aérea de República Dominicana / _cDawin González Cabrera, Alexander Aponte Mercedes, asesores Carlos Lantigua Cruz, Tebi Rodríguez Hernández |
| 260 |
_aSanto Domingo Este : _bINSUDE, _c2013 |
||
| 300 | _axiv, 60 páginas y hojas, ilustraciones | ||
| 502 | _aTrabajo de grado (Licenciatura en Ciencias Aeronáuticas). -- Instituto Superior para la Defensa (INSUDE). Academia Aérea Gral. De Brigada Piloto Frank Andrés Feliz Miranda, 2013. | ||
| 504 | _aIncluye referencias bibliográficas e índices | ||
| 505 | _aManual de infantería de la Fuerza Aérea de República Dominicana. -- Determinación de la aplicación del manual de infantería en los diferentes comando de la Fuerza Aérea de República Dominicana. -- Análisis comparativo del manual de infantería de la Fuerza Aérea de República Dominicana con el manual de infantería del Ejército de República Dominicana. | ||
| 650 | 4 | _aFuerza Aérea Dominicana. Academia Aérea -- Manual de infantería | |
| 650 | 4 | _aMandos militares -- Manuales de infantería -- Diferencias | |
| 700 | 1 |
_a Aponte Mercedes, Alexander _esustentante |
|
| 700 | 1 |
_aLantigua Cruz, Carlos _easesor |
|
| 700 | 1 |
_aRodríguez Hernández, Tebi _easesor |
|
| 830 | _aINSUDE. Academia Aérea Gral. De Brig. Pil. Frank Andrés Feliz Miranda. Tesis y disertaciones academicas | ||
| 942 |
_2CL _cT |
||